000 01137nam a22003257a 4500
003 EG-GICUC
005 20260505010407.0
008 260505s1984 ua ||||fr|||| 00| 0 ara d
017 _a1984/5582
020 _a9771031627
040 _a EG-GICUC
_bara
_c EG-GICUC
_d EG-GICUC
_erda
041 _aara
082 0 4 _221
_a345.31
_bخ ا . ب
092 0 4 _221
099 _aLaw1 07 345.31 خ ا . ب 1984
100 1 _aخالد عبدالحميد فراج
_eAuthor.
245 1 0 _aبداية الانضباط الإداري/
_cخالد عبدالحميد فراج
264 _aالاسكندرية :
_bمنشأة المعارف ،
_c1984
300 _a102صفحة;
_c24 سم
_bإيضاحيات، صور، مثيليات ؛
336 _2rda content
_atext
337 _2rda media
_aComputer
338 _2rda carrier
_aOnline Resource
504 _a. 240-220 ببليوجرافيا: صفحات.
546 _aالنص باللغة العربية
650 1 _aالضبط الإداري
_2qrmak
651 1 _2qrmak
856 4 0 _uhttps://fll.law.cu.edu.eg/fulltext/bks/B07-04727.pdf
905 _a44
942 _2ddc
_cBK
_e21
_n0
999 _c75580
_d75580